00669nam a2200193Ii 450000100060000000300090000600800410001502000180005604000330007404100080010708200180011510000200013324501740015326400550032730000120038233600260039433700280042033800270044814683CO-ViMGA241108s9999||||xx |||||||||||||| ||und|| a9789586982025 aCO-ViMGAbspaerdacCO-ViMGA0 aspa04a327.17 - W15i1 aCatherine Walsh10aLa integración y el desarrollo social fronterizo :bcruzando la raya : dinámicas socioeducativas e integración fronteriza. El caso de Ecuador con Colombia y Perú 1aBogotá, Colombia : Convenio Andrés Bello, 2006 avolumen atextbtxt2rdacontent aunmediatedbn2rdamedia avolumebnc2rdacarrier